| 000 | | | 05332cac2a2200289#x 450 |
| 001 | | | ca671910-309a-47f6-bfcb-b0d8216b3fcf |
| 005 | | | 20180117102751.0 |
| 100 | ## | $a | 20160524l19211922k y0rusy50 ca |
| 101 | 0# | $a | rus |
| 102 | ## | $a | RU |
| 105 | ## | $a | y z ||||| |
| 122 | 2# | $a | d19211031 |
| | $a | d19220331 |
| 200 | 1# | $a | Отчет Челябинского губ. ЭКОСО о работе |
| | $j | Октябрь 1921 - март 1922 |
| 215 | ## | $a | 160 листов |
| 251 | ## | $c | Дело |
| 300 | ## | $a | Заголовок дела на папке: Отчет Челябинского губернского ЭКОСО |
| 300 | ## | $a | Листы: 1, 2, 3, 160 - не подшиты |
| 300 | ## | $a | Рукописный и машинописный текст |
| 330 | ## | $a | Входит в раздел описи: Управление Делами Секретариат. I. Протоколы. и/ Протоколы республиканских, краевых, областных и губернских экономических совещаний. Р. С.Ф. С.Р. |
| 461 | #0 | $1 | 001ad6baeac-e292-4829-90d1-2f4f65796a62 |
| | $1 | 2001 |
| | $a | СОВЕТ НАРОДНЫХ КОМИССАРОВ РСФСР (СНК РСФСР) |
| | $1 | 251 |
| | $c | Фонд |
| | $1 | 852 |
| | $g | Р |
| | $j | 130 |
| 462 | #0 | $1 | 001749580a7-5abb-40c4-a39c-e540631a040a |
| | $1 | 2001 |
| | $a | 1921 г. |
| | $v | Д. 561 а) |
| | $1 | 251 |
| | $c | Опись |
| | $1 | 852 |
| | $j | 5 |
| 517 | 1# | $a | Отчет Челябинского губернского ЭКОСО |
| 801 | #0 | $a | RU |
| | $b | GA_RF |
| 801 | #1 | $a | RU |
| | $b | НПО Опыт |
| | $c | 20160524 |
| | $2 | rusmarc |
| 801 | #2 | $a | RU |
| | $b | ПБ им. Б.Н. Ельцина |
| | $c | 20160709 |
| | $g | RCR |
| | $2 | rusmarc |
| 852 | ## | $a | ГА РФ |
| | $j | 561 а) |
| 937 | ## | $d | 79117202 |
| | $h | ПБ |
| 035 | ## | $a | RuPRLIB51039152 |
| 607 | ## | $2 | prlib_sh |
| | $3 | LIBNET\UAF\0000071668 |
| | $a | Челябинская губерния |
| | $j | Документы и материалы |
| | $x | Социально-экономическое развитие |
| | $z | 1920-ые гг. |
| 605 | ## | $2 | acquisition_Prlib |
| | $3 | DITM\AF\0000004675 |
| | $a | Территория |
| | $l | коллекция |
| 605 | ## | $a | Территория России: Челябинская область |
| | $l | коллекция |
| | $2 | acquisition_Prlib |
| | $3 | LIBNET\UAF\0000022551 |
| 605 | ## | $a | Челябинская область: страницы истории |
| | $l | коллекция |
| | $2 | acquisition_Prlib |
| | $3 | LIBNET\UAF\0000022509 |
| 617 | ## | $2 | prlib_sh |
| | $c | Челябинская губерния |
| 617 | ## | $c | Челябинская область |
| | $2 | prlib_sh |
| 686 | ## | $a | 63.3(2Рос-4Чел)613-2ю1 |
| | $2 | rubbk |
| | $v | LBC/M |
| 686 | ## | $a | 65.03(2Рос-4Чел)613ю1 |
| | $v | LBC/M |
| | $2 | rubbk |